Recycling and use of waste materials and by-products in highway construction / (Record no. 529639)

000 -LEADER
fixed length control field 01637cam a2200361 a 4500
001 - CONTROL NUMBER
control field 1600316
003 - CONTROL NUMBER IDENTIFIER
control field NUST
005 - DATE AND TIME OF LATEST TRANSACTION
control field 20190930114928.0
008 - FIXED-LENGTH DATA ELEMENTS--GENERAL INFORMATION
fixed length control field 940420s1994 dcua b f000 0 eng
010 ## - LIBRARY OF CONGRESS CONTROL NUMBER
LC control number 94076364
020 ## - INTERNATIONAL STANDARD BOOK NUMBER
Canceled/invalid ISBN 03090653:
Terms of availability $20.00
038 ## - RECORD CONTENT LICENSOR
Staff Name MSOHAIL
040 ## - CATALOGING SOURCE
Original cataloging agency DLC
Transcribing agency DLC
Modifying agency DLC
050 00 - LIBRARY OF CONGRESS CALL NUMBER
Classification number TE203
Item number .C64 1994
082 00 - DEWEY DECIMAL CLASSIFICATION NUMBER
Classification number 625.8
Edition number 20
100 1# - MAIN ENTRY--PERSONAL NAME
Personal name Collins, R. J.
Fuller form of name (Robert J.)
9 (RLIN) 22031
245 10 - TITLE STATEMENT
Title Recycling and use of waste materials and by-products in highway construction /
Statement of responsibility, etc. Robert J. Collins and Stanley K. Ciesielski.
260 ## - PUBLICATION, DISTRIBUTION, ETC.
Place of publication, distribution, etc. Washington, D.C. :
Name of publisher, distributor, etc. National Academy Press,
Date of publication, distribution, etc. 1994.
300 ## - PHYSICAL DESCRIPTION
Extent 84 p. :
Other physical details ill. ;
Dimensions 28 cm.
440 #0 - SERIES STATEMENT/ADDED ENTRY--TITLE
Title Synthesis of highway practice,
International Standard Serial Number 0547-5570 ;
Volume/sequential designation 199
9 (RLIN) 22032
500 ## - GENERAL NOTE
General note "Transportation Research Board, National Research Council."
500 ## - GENERAL NOTE
General note "Research sponsored by the American Association of State Highway and Transportation Officials in cooperation with the Federal Highway Administration."
504 ## - BIBLIOGRAPHY, ETC. NOTE
Bibliography, etc. note Includes bibliographical references (p. 72-76).
650 #0 - SUBJECT ADDED ENTRY--TOPICAL TERM
Topical term or geographic name entry element Waste products as road materials.
9 (RLIN) 22033
650 #0 - SUBJECT ADDED ENTRY--TOPICAL TERM
Topical term or geographic name entry element Recycling (Waste, etc.)
9 (RLIN) 6422
700 1# - ADDED ENTRY--PERSONAL NAME
Personal name Ciesielski, Stanley K.
9 (RLIN) 22034
710 2# - ADDED ENTRY--CORPORATE NAME
Corporate name or jurisdiction name as entry element National Research Council (U.S.).
Subordinate unit Transportation Research Board.
9 (RLIN) 19676
710 2# - ADDED ENTRY--CORPORATE NAME
Corporate name or jurisdiction name as entry element American Association of State Highway and Transportation Officials.
9 (RLIN) 19553
710 1# - ADDED ENTRY--CORPORATE NAME
Corporate name or jurisdiction name as entry element United States.
Subordinate unit Federal Highway Administration.
9 (RLIN) 20149
906 ## - LOCAL DATA ELEMENT F, LDF (RLIN)
a 7
b cbc
c orignew
d 2
e opcn
f 19
g y-gencatlg
942 ## - ADDED ENTRY ELEMENTS (KOHA)
Source of classification or shelving scheme
Koha item type Book
Holdings
Withdrawn status Lost status Source of classification or shelving scheme Damaged status Not for loan Permanent Location Current Location Date acquired Total Checkouts Full call number Barcode Date last seen Price effective from Koha item type
          School of Civil and Environmental Engineering (SCEE) School of Civil and Environmental Engineering (SCEE) 09/30/2019   625.8 NIT-11012 09/30/2019 09/30/2019 Book
© 2023 Central Library, National University of Sciences and Technology. All Rights Reserved.